| 000 | 00693nam a22002055i 4500 | ||
|---|---|---|---|
| 001 | 166700 | ||
| 003 | ES-MaACL | ||
| 005 | 20250817065102.0 | ||
| 008 | 940301s1864 sp |||| | spa d | ||
| 040 |
_aAS _bspa |
||
| 080 | _a75 Murillo, Bartolomé Esteban | ||
| 080 | _a929 Murillo, Bartolomé Esteban | ||
| 100 | 1 |
_aTubino, Francisco María, _d1833-1888 _9111620 |
|
| 245 | 1 | 0 |
_aMurillo _b: su época, su vida, sus cuadros / _cpor Francisco M. Tubino. |
| 260 |
_aSevilla : _bLa Andalucía, _c1864. |
||
| 300 |
_aXIII, 301 p. ; _c22 cm. |
||
| 600 | 1 | 4 |
_aMurillo, Bartolomé Esteban, _d1617-1682 _984581 |
| 852 |
_aES-MaACL _jG-12333 _z-- Enc. hol. |
||
| 999 |
_c166700 _d166700 |
||